Música i skinheads a Catalunya : el so de la política / Carles Viñas el so de la política / Carles Viñas
ISBN:
84-7794-760-0
Descripción Física:
174 p. ; 21 cm
Colección:
Materials de joventut ; 16
MARC
| LEADER | 00000nam a2200000Ia 4500 | ||
|---|---|---|---|
| 001 | 13171 | ||
| 008 | 160829s9999 xx 000 0 cat d | ||
| 020 | |a 84-7794-760-0 | ||
| 080 | |a M-3-416 | ||
| 100 | |a Viñas, Carles |9 25657 | ||
| 245 | |a Música i skinheads a Catalunya : |b el so de la política / Carles Viñas | ||
| 260 | |a Barcelona : |b Diputació de Barcelona. Area de Cultura, cop. 2001 | ||
| 300 | |a 174 p. ; |c 21 cm | ||
| 490 | |a Materials de joventut ; 16 | ||
| 650 | |a Música i joves |x Catalunya |9 25658 | ||
| 650 | |a Cap-rapats |x Catalunya |9 25659 | ||
| 710 | 1 | |a Barcelona (Catalunya : Província). |b Àrea de Cultura |9 53536 | |
| 901 | |a Arxiu | ||
| 942 | |n 1 | ||
| 952 | |0 0 |1 0 |4 0 |6 M3416 |7 1 |9 43724 |a Arxiu |b Arxiu |d 2016-12-01 |l 0 |o M-3-416 |p 13171 |r 2016-12-01 00:00:00 |w 2016-12-01 |y ARXIU | ||
| 999 | |c 46272 |d 46272 | ||